Intermediación laboral y sucesión de empleadores (Registro nro. 1456)
[ vista simple ]
| 000 -LEADER | |
|---|---|
| fixed length control field | 02407 a2200217 4500 |
| 001 - CONTROL NUMBER | |
| control field | 26391 |
| 005 - DATE AND TIME OF LATEST TRANSACTION | |
| control field | 20260407155543.0 |
| 008 - FIXED-LENGTH DATA ELEMENTS--GENERAL INFORMATION | |
| fixed length control field | 260407a2014 arg spa d |
| 003 - CONTROL NUMBER IDENTIFIER | |
| control field | AR-UNSa-BCEJYS |
| 040 ## - CATALOGING SOURCE | |
| Original cataloging agency | AR-UNSa-BCEJYS |
| Language of cataloging | spa |
| Transcribing agency | AR-UNSa-BCEJYS |
| 080 ## - UNIVERSAL DECIMAL CLASSIFICATION NUMBER | |
| Universal Decimal Classification number | 349.2 |
| Common auxiliary subdivision | Derecho del Trabajo |
| 020 ## - INTERNATIONAL STANDARD BOOK NUMBER | |
| International Standard Book Number | 978-987-01-1655-4 |
| 100 1# - MAIN ENTRY--PERSONAL NAME | |
| Personal name | García Vior, Andrea E. |
| 245 10 - TITLE STATEMENT | |
| Title | Intermediación laboral y sucesión de empleadores |
| 264 #1 - PRODUCTION, PUBLICATION, DISTRIBUTION, MANUFACTURE, AND COPYRIGHT NOTICE | |
| Place of production, publication, distribution, manufacture | Buenos Aires : |
| Name of producer, publisher, distributor, manufacturer | Errepar |
| Date of production, publication, distribution, manufacture, or copyright notice | 2014 |
| 300 ## - PHYSICAL DESCRIPTION | |
| Extent | 299 p. |
| Dimensions | 21 cm. |
| 505 ## - FORMATTED CONTENTS NOTE | |
| Formatted contents note | 1. Fraude e interposición fraudulenta de persona. Obligaciones registrales y documentales / Matías M. Carellano - 2. La contratación irregular o fraudulenta mediante empresas de servicios eventuales / Ricardo D. Hierrezuelo - 3. Contratación de personal a través de empresas de servicios enventuales. Supuestos de intermediación legítima. Regulación legal. Requisitos. Rol de los sujetos / Federico de los Reyes -Pedro S. Pusineri - 4. Subcontratación aparente o intermediación encubierta / Agustín H. Carugo -Santiago Vallejos - 5. Trabajador autorizado para valerse de dependientes. Guía para la comprensión del ornitorrinco / Enrique Arias Gibert - 6. Auxiliares del trabajador como supuesto de intermediación a través de un dependiente (art. 28, LCT) / Andrés Abramovich - 7. Las pasantías educativas y el fraude en la intermediación laboral / Eugenia P. Khedayán - 8. El fraude en la intermediación laboral mediante la contatación de cooperativas de trabajo / Ana María Salas - 9. ¿Cuando estamos ante una "genuina" cooperativa de trabajo proveedora de mano de obra a terceros? / Oscar S. Fleitas - 10. El contrato de trabajo de equipos y el trabajo prestado por los integrantes de sociedades comerciales (arts. 101 y 102, LCT) / Nancy R. Rivelli - 11. El régimen de trabajo agrario y la solidaridad laboral. Proyecciones actuales / Cristián Requena - 12. Transferencia de establecimiento / Diana Dubra - 13. Efectos jurídicos del cambio de titularidad del establecimiento sobre los contratos de trabajo / Pablo Candal - 14. Responsabilidad solidaria de los sucesivos arrendatarios de un establecimiento / José D. Machado. |
| 590 ## - LOCAL NOTE (RLIN) | |
| Local note | niveau_biblio:m niveau_hierar:0 |
| 856 41 - ELECTRONIC LOCATION AND ACCESS | |
| Uniform Resource Identifier | <a href="https://biblioeco.unsa.edu.ar/pmb/images/libros/Intermediaci?n laboral y sucesi?n de empleadores Garc?a Vior, Andrea (2014).jpg">https://biblioeco.unsa.edu.ar/pmb/images/libros/Intermediaci?n laboral y sucesi?n de empleadores Garc?a Vior, Andrea (2014).jpg</a> |
| Link text | Imagen de portada |
| Electronic format type | image/jpeg |
| 942 ## - ADDED ENTRY ELEMENTS (KOHA) | |
| Koha item type | |
| Withdrawn status | Lost status | Damaged status | Not for loan | Home library | Current library | Shelving location | Date acquired | Total checkouts | Full call number | Barcode | Date last seen | Price effective from | Koha item type |
|---|---|---|---|---|---|---|---|---|---|---|---|---|---|
| Biblioteca Prof. Eusebio Cleto del Rey | Biblioteca Prof. Eusebio Cleto del Rey | 07/04/2026 | 349.2 G216 | L119913 | 07/04/2026 | 07/04/2026 | Libro |